| 000 | 00571nam a2200193 a 4500 | ||
|---|---|---|---|
| 005 | 20140310183541.0 | ||
| 008 | 111011s19uu xx 00 eng d | ||
| 010 | _a2009933315 | ||
| 020 | _a9781598639957 | ||
| 050 |
_aTR 267 _b.W44 2010 |
||
| 100 | _aWeinrebe, Steve | ||
| 245 |
_aIrreverent photo tools for digital photographers / _cSteve Weinrebe. |
||
| 260 |
_aBoston, MA : _bCengage Learning, _cc2010. |
||
| 300 |
_axiv, 285 p. : _bcol. ill. ; _c26 cm. |
||
| 521 | _aMA | ||
| 650 |
_aPhotography _xDigital techniques |
||
| 942 |
_cBK _2lcc _kFOR |
||
| 999 |
_c24800 _d24800 |
||